000
00248nam a22001097a 4500
082
_a
615.1 COO'S
100
_a
COOLEY, D. G
_9
59479
245
_a
THE SCIENCE BOOK OF WONDER DRUGS
260
_a
NEWYORK
_b
POCKET
_c
1954
300
_a
247P
942
_c
BK
999
_c
569448
_d
569448